Lengua y habla : libro del maestro /

Guardado en:
Autor Principal: Menghi, Luis Alberto
Otros Autores: Pescetto, A. F., Spinelli, S. M.
Formato: Libro
Publicado: Buenos Aires : Huemul, 1977
Edición:10a. ed.
Materias:
Etiquetas: Agregar Etiqueta
Sin Etiquetas, Sea el primero en etiquetar este registro!
LEADER 00781nam a22002535a 4500
001 CEM.cems004298
005 20110223085510.0
008 130507s1977##################000#0#####d
003 CEMS
082 0 4 |a 468 
100 1 |a Menghi, Luis Alberto 
245 1 0 |a Lengua y habla :  |b libro del maestro /  |c L. A. Menghi, A. F. Pescetto y S. M. Spinelli 
250 |a 10a. ed. 
260 |a Buenos Aires :  |b Huemul,  |c 1977 
300 |a 411 p. 
505 0 |a Nociones sintácticas y morfológicas : enseñanza y ejercitación 
653 |a Gramática española-enseñanza 
653 |a Morfología 
653 |a Ortografía 
653 |a Prosodia 
653 |a Sintáxis 
700 1 |a Pescetto, A. F. 
700 1 |a Spinelli, S. M. 
859 |a CEMS  |b BIB. CEMS - 11 de abril  |h 468  |i M525a10  |p 6804.79  |t Ej.1